000 00473cam a22001817 4500
001 ltf91021550
003 DLC
005 20260227111552.0
008 910215s1871 it 000 0 ita
010 _altf91021550
040 _aDLC
_cDLC
_dDLC
050 0 0 _aBJ1132
_bG33 1871
100 1 _aGabelli, Aristide,
_d1830-1891.
245 0 2 _aL'uomo e le scienze morali.
250 _a2. ed.
260 _aFirenze,
_bSuccessori Le Monnier,
_c1871.
300 _a308 p. ;
_c19 cm.
999 _c37487
_d37487